Druhý dôchodkový pilier na Slovensku bakalárska práca

Enregistré dans:
Détails bibliographiques
Auteur principal: Novotný, Nicolas
Collectivité auteur: Národohospodárska fakulta EU. Katedra bankovníctva a medzinárodných financií
Autres auteurs: Matušovič, Denis
Format: Livre
Langue:slovaque
Publié: Bratislava 2021
Tags: Ajouter un tag
Pas de tags, Soyez le premier à ajouter un tag!

MARC

LEADER 00000nbm a2200000 4500
001 0275133
005 20220110114159.3
041 0 |a slo 
044 |a SK 
245 1 0 |a Druhý dôchodkový pilier na Slovensku  |b bakalárska práca  |c Nicolas Novotný ; školiteľ: Denis Matušovič 
264 1 |a Bratislava  |c 2021 
300 |a 45 s. 
100 1 |a Novotný, Nicolas 
700 1 |a Matušovič, Denis 
710 2 |a Národohospodárska fakulta EU. Katedra bankovníctva a medzinárodných financií